000 00530nam a2200181 i 4500
001 110369
003 ES-MaACL
005 20230906185034.0
007 t|
008 061121s1909 mx r ||||1| spa d
100 1 _aMolina Enríquez, Andrés.
_981929
245 1 4 _aLos grandes problemas nacionales /
_cAndrés Molina Enriquez.
260 _aMéxico :
_bA. Carranza e Hijos,
_c1909.
300 _a362 p. ;
_c28 cm.
651 4 _aMéxico-
_xHistoria-
_yS.XX.
_9153838
852 _aES-MaACL
_jA-998
852 _aES-MaACL
_jG-3856
999 _c110369
_d110369